000 01867cam a2200337 a 4500
001 15245160
003 OSt
005 20151214095048.0
008 080401s2008 ilua b 001 0 eng
010 _a 2008014998
020 _a9780867154375 (hbk.)
020 _a0867154373
035 _a(DNLM)101470283
040 _aDNLM/DLC
_cDLC
_dDLC
050 0 0 _aRK652.5
_b.D454 2008
060 1 0 _aWU 190
_bD4152 2008
082 0 0 _a617.695
_222
_bDEM
245 0 0 _aDental materials and their selection /
_cedited by William J. O'Brien.
250 _a4th ed.
260 _aHanover Park, IL :
_bQuintessence Pub. Co.,
_cc2008.
300 _axiii, 425 p. :
_bill. ;
_c28 cm.
504 _aIncludes bibliographical references and index.
505 0 _aA comparison of metals, ceramics, and polymers -- Physical properties and biocompatibility -- Color and appearance -- Gypsum products -- Surface phenomena and adhesion to tooth structure -- Polymers and polymerization -- Impression materials -- Polymeric restorative materials -- Dental cements -- Abrasion, polishing, and bleaching -- Structure and properties of metals and alloys -- Dental amalgams -- Precious metal casting alloys -- Alloys for porcelain-fused-to-metal restorations -- Dental porcelain -- Base metal casting alloys -- Casting -- Soldering, welding, and electropolating -- High-temperature investments -- Waxes -- Orthodontic wires -- Endodontic materials -- Implant and bone augmentation materials.
650 0 _aDental materials.
_951776
650 1 2 _aDental Materials.
_951776
700 1 _aO'Brien, William J.
_q(William Joseph),
_d1940-
_952055
856 4 1 _3Table of contents only
_uhttp://www.loc.gov/catdir/toc/ecip0815/2008014998.html
906 _a7
_bcbc
_corignew
_d1
_eecip
_f20
_gy-gencatlg
942 _2ddc
_cBOOK
999 _c38375
_d272875